Statistiken für Zeitgeschichte: Was geschah zuerst? (10x Multiple Choice)

Klicken Sie hier um das Quiz zu spielen!

Allgemein

  • Dieses Quiz wurde 117 mal gespielt
  • Das Durchschnittsergebnis liegt bei 6 aus 10

Antwortstatistiken

FrageAntwort% Korrekt
Wessen Amtszeit endete zuerst: Chruschtschow oder Kennedy?John F. Kennedy
78%
Zuerst Deutscher Meister: Dortmund oder Schalke?Schalke 04
77%
Physik-Nobelpreis: Einstein oder Röntgen?Wilhelm Conrad Röntgen
74%
Erstes Konzert in Deutschland: Stones oder Beatles?Beatles
72%
Wer wurde zuerst Mutter: Schiffer oder Klum?Claudia Schiffer
66%
Geiselnahme: Lufthansa-Jet Landshut oder Amerikanische Botschaft in Teheran?Lufthansa-Flugzeug
59%
Gründung der NATO oder des Warschauer Paktes?NATO
58%
Erste (west)deutsche Ausgabe: Bravo oder Playboy?Bravo
47%
Erster deutscher Wimbledonsieg (Einzel): Herren oder Damen?Damen
35%
Was gab es zuerst: Döner oder Currywurst?Döner Kebab
32%

Verteilung der Resultate

Perzentil nach korrekt beantworteten Fragen

Anzahl Personen mit jedem Resultat

Ihre Resultats-Entwicklung

Sie haben dieses Quiz noch nicht gespielt